000 00829nam a2200229 a 4500
001 59669
003 BD-RjUL
005 20211209080745.0
008 161226s1985 bg ||||| |||| 00| 0 ben d
020 _c: TK 15.00
035 _a(BD-RjUL)59793
040 _aBD-RjUL
_bben
_cBD-RjUL
041 _aben
082 _223
_a378.095492
_bTAB 1985
100 _aতপন, শহজাহান
_9177553
245 1 0 _aবিজ্ঞান শিক্ষা :
_bবাংলাদেশ /
_cশাহজাহান তপন
260 _aঢাকা :
_bবাংলা একাডেমী,
_c১৯৮৫
300 _a৯৬ পৃ. ;
_c১৭ সেমি.
650 _aউচ্চ-শিক্ষা
_zবাংলাদেশ
_9177554
650 _aHigher Education
_zBangladesh
_9177555
942 _2ddc
_cBK
999 _c59669
_d59669